| 000 | 00640 a2200181 4500 | ||
|---|---|---|---|
| 999 |
_c3444 _d3444 |
||
| 020 | _a9789068327090 | ||
| 050 | _aHQ 1075 MAC 1999 | ||
| 100 |
_aMacdonald, Mandy _eauthor |
||
| 245 |
_aGender and organizational change: _bbridging the gap between policy and practice/ _cMandy Macdonald, Ellen Sprenger and Ireen Dubel. |
||
| 250 | _a2nd ed. | ||
| 264 |
_aAmsterdam: _bRoyal Tropical Institute; _c1999 |
||
| 300 | _a153p. | ||
| 500 | _aIncludes bibliographical references | ||
| 650 |
_aGender and organizational change _xGender |
||
| 700 |
_aSprenger, Ellen _eauthor |
||
| 700 |
_aDubel, Ireen _eauthor |
||
| 942 |
_2lcc _cBK _e2nd _h1075 _iMAC _kHQ |
||